Rozpoznaj Województwo po pociągu - Statystyki

Ogólne statystyki
  • Ten quiz został rozwiązany 145 razy
  • Średni wynik to 10 z 16
Statystyki odpowiedzi
Obrazkowy Odpowiedź % Poprawnych
Mazowieckie
89%
Dolnośląskie
80%
Śląskie
80%
Wielkopolskie
80%
Pomorskie
73%
Łódzkie
69%
Małopolskie
64%
Opolskie
64%
Lubuskie
57%
Podlaskie
54%
Podkarpackie
51%
Świętokrzyskie
51%
Warmińsko-Mazurskie
50%
Zachodniopomorskie
48%
Kujawsko-Pomorskie
42%
Lubelskie
42%
Nie znaleziono quizów pasujących do podanych kryteriów
Rozkład punktacji
Procent ludzi z każdym wynikiem
Percentyl według liczby udzielonych odpowiedzi
Twoja historia wyników
Nie rozwiązałeś tego quizu